| Tag |
First Indicator |
Second Indicator |
Subfields |
| LEADER |
00000cam a2200000 a 4500 |
| 001 |
in00004510521 |
| 005 |
20191204153507.0 |
| 008 |
981103s1998 hiua b 001 0 eng d |
| 010 |
|
|
|a 97094556
|
| 020 |
|
|
|a 0966270436
|
| 020 |
|
|
|a 9780966270433
|
| 029 |
1 |
|
|a NZ1
|b 2492528
|
| 035 |
|
|
|a (OCoLC)ocm40222843
|
| 035 |
|
|
|a (OCoLC)40222843
|
| 035 |
|
|
|z (UtOrBLW)49223
|
| 035 |
|
|
|a 69826
|
| 040 |
|
|
|a OkArNF
|c DLC
|d OCL
|d AGL
|d OCLCQ
|d BTCTA
|d BAKER
|d YDXCP
|d OCLCG
|d TMV
|d UtOrBLW
|
| 042 |
|
|
|a lccopycat
|
| 049 |
|
|
|a TMVM
|c 1
|
| 050 |
0 |
4 |
|a SF202.7
|b .S65 1998
|
| 060 |
|
4 |
|a SF 202.7
|b S642m 1998
|
| 070 |
0 |
|
|a SF202.7
|b .S65 1998
|
| 072 |
|
0 |
|a L100
|
| 072 |
|
0 |
|a L200
|
| 082 |
0 |
0 |
|a 636.2/0845
|2 21
|
| 100 |
1 |
|
|a Smith, Burton J.,
|d 1932-
|
| 245 |
1 |
0 |
|a Moving 'em :
|b a guide to low stress animal handling /
|c Burt Smith.
|
| 264 |
|
1 |
|a Kamuela, Hawaii :
|b Graziers Hui,
|c [1998]
|
| 264 |
|
4 |
|c ©1998
|
| 300 |
|
|
|a x, 352 pages :
|b illustrations ;
|c 24 cm.
|
| 336 |
|
|
|a text
|2 rdacontent
|b txt
|
| 337 |
|
|
|a unmediated
|2 rdamedia
|
| 338 |
|
|
|a volume
|2 rdacarrier
|b nc
|
| 500 |
|
|
|a Errata slip inserted.
|
| 504 |
|
|
|a Includes bibliographical references (pages [323]-341) and index.
|
| 650 |
|
0 |
|a Cattle
|x Handling.
|
| 650 |
|
0 |
|a Cattle herding.
|
| 650 |
|
0 |
|a Livestock
|x Handling.
|
| 650 |
|
0 |
|a Herding.
|
| 650 |
|
0 |
|a Cattle
|x Effect of stress on.
|
| 650 |
|
0 |
|a Livestock
|x Effect of stress on.
|
| 650 |
|
0 |
|a Animal welfare.
|
| 650 |
|
2 |
|a Cattle.
|
| 650 |
|
2 |
|a Animal Husbandry.
|
| 650 |
|
2 |
|a Animal Welfare.
|
| 999 |
|
|
|a MARS
|
| 999 |
f |
f |
|s 3210ac31-ffe1-3621-b815-dd4f8743b514
|i fb8ae379-57c5-358e-8732-201230fc635d
|t 0
|
| 952 |
f |
f |
|p preservation
|a Texas A&M University
|b J.J. Pickle Campus
|c High Density Repository
|d Remote Storage
|t 0
|e SF 202.7 S642m 1998
|h Library of Congress classification
|i unmediated -- volume
|m 323890207894C
|
| 998 |
f |
f |
|a SF 202.7 S642m 1998
|t 0
|l Remote Storage
|